Geboren in Greifswald - Statistiken

Allgemein
  • Dieses Quiz wurde 39 mal gespielt
    16 seit der letzten Aktualisierung
  • Das Durchschnittsergebnis liegt bei 3 aus 6
Antwortstatistiken
Hinweis Antwort % Korrekt
ehemaliger Fußballnationalspieler (Real Madrid und Bayern München) 1990 Toni Kroos
94%
ehemaliger Fußballspieler (Union Berlin, Werder Bremen und Eintracht Braunschweig) 1991 Felix Kroos
88%
Maler der Frühromantik, "Der Wanderer über dem Nebelmeer" 1774 Caspar David Friedrich
81%
Schriftsteller, "Kleiner Mann- was nun?" "Jeder stirbt für sich allein" "Der Trinker" 1893 Hans Fallada
50%
Grünen-Politikerin und Menschenrechtsbeauftragte der Bundesregierung 1984 Luise Amtsberg
0%
Handballnationalspieler, Füchse Berlin 2003 Max Christoph Beneke
0%
Keine übereinstimmenden Quizze gefunden
Verteilung der Resultate
Anzahl Personen mit jedem Resultat
Perzentil nach korrekt beantworteten Fragen
Ihre Resultats-Entwicklung
Sie haben dieses Quiz seit der letzten Aktualisierung nicht gespielt